MARC

LEADER 00000nam0a2200000 4500
001 257796
005 20231101233233.0
010 |a 502005948X 
035 |a (RuTPU)RU\TPU\book\280614 
090 |a 257796 
100 |a 20140419d1988 k y0rusy50 ca 
101 0 |a rus 
102 |a RU 
105 |a a z 001zy 
200 1 |a Геомагнитное поле во время инверсий в позднем кайнозое  |f Г. З. Гурарий  |g Академия наук СССР (АН СССР), Геологический институт (ГИН) 
210 |a Москва  |c Наука  |d 1988 
215 |a 207 с.  |c ил. 
225 1 |a Труды ГИН (Геологического института АН СССР)  |v Вып. 415 
320 |a Библиогр.: с. 199-205. 
606 1 |a Палеомагнетизм  |2 stltpush  |3 (RuTPU)RU\TPU\subj\47992  |9 66874 
610 1 |a геомагнитное поле 
610 1 |a кайнозой 
610 1 |a инверсии 
610 1 |a Земля 
610 1 |a магнитное поле 
610 1 |a стратиграфия 
610 1 |a тектоника 
675 |a 550.384  |v 3 
700 1 |a Гурарий  |b Г. З.  |g Гарри Зиновьевич 
712 0 2 |a Академия наук СССР (АН СССР)  |b Геологический институт (ГИН)  |c (Москва)  |2 stltpush  |3 (RuTPU)RU\TPU\col\11354 
801 1 |a RU  |b 63413507  |c 20140419 
801 2 |a RU  |b 63413507  |c 20151112  |g RCR 
942 |c BK